000 00352nam a2200157Ia 4500
003 Ost
005 20260225132549.0
008 260225s9999||||xx |||||||||||||| ||und||
040 _cfsic
041 _afre
082 _a440
100 _aZ ait yahia
_eAuteur
245 0 _aGet ready for the baccalaureat /
245 0 _cZ ait yahia
942 _cكتاب
999 _c34017
_d34017